| 000 | 00475nam a2200193Ia 4500 | ||
|---|---|---|---|
| 005 | 20250425161655.0 | ||
| 008 | 250425s9999 xx 000 0 und d | ||
| 020 | _a087735359X | ||
| 041 | _aeng | ||
| 082 | _a550 | ||
| 100 | _aKRAUSKOPF, KONRAD B. | ||
| 245 | 0 | _aTHE THIRD PLANET : AN INVITATION TO GEOLOGY | |
| 250 | _aS.E. | ||
| 260 |
_aEstados Unidos _bFREEMAN, COOPER & CO. _c1974 |
||
| 260 | _aSAN FRANCISCO | ||
| 300 | _a523 | ||
| 942 | _c01 | ||
| 010 | _a25573 | ||
| 999 |
_c213814 _d213814 |
||